100 najlepszych graczy w historii NFL - Statystyki

Ogólne statystyki
  • Ten quiz został rozwiązany 8 razy
  • Średni wynik to 9 z 100
Statystyki odpowiedzi
Pozycja Zespół Zawodnik % Poprawnych
QB Patriots Tom Brady
88%
QB Colts Peyton Manning
75%
QB Packers Brett Favre
63%
RB Lions Barry Sanders
50%
CB Cowboys Deion Sanders
50%
QB 49ers Joe Montana
50%
TE Patriots Rob Gronkowski
50%
QB Dolphins Dan Marino
38%
RB Browns Jim Brown
38%
QB Broncos John Elway
38%
DE Bills Bruce Smith
25%
DE Rams Deacon Jones
25%
RB Cowboys Emmitt Smith
25%
QB Colts Johnny Unitas
25%
WR Vikings Randy Moss
25%
ILB Ravens Ray Lewis
25%
OT Giants Rosey Brown
25%
OT Seahawks Walter Jones
25%
CB Raiders Willie Brown
25%
K Patriots Adam Vinatieri
13%
PR Oilers Billy Johnson
13%
S Ravens Ed Reed
13%
WR 49ers Jerry Rice
13%
OG Cowboys Larry Allen
13%
S Cardinals Larry Wilson
13%
OLB Giants Lawrence Taylor
13%
TE Chiefs Tony Gonzalez
13%
DT Vikings Alan Page
0%
OT Bengals Anthony Munoz
0%
OT Raiders Art Shell
0%
DE Bears Bill Hewitt
0%
OLB Chiefs Bobby Bell
0%
DT Cowboys Bob Lilly
0%
OG Titans Bruce Matthews
0%
DT Chiefs Buck Buchanan
0%
OT Packers Cal Hubbard
0%
OLB Eagles Chuck Bednarik
0%
OG Bears Dan Fortmann
0%
CB Redskins Darrell Green
0%
OLB Buccaneers Derrick Brooks
0%
KR Bears Devin Hester
0%
ILB Bears Dick Butkus
0%
WR Packers Don Hutson
0%
DE Bears Doug Atkins
0%
RB Lions Dutch Clark
0%
C Dolphins Dwight Stephenson
0%
RB Oilers Earl Campbell
0%
WR Rams Elroy Hirsch
0%
S Giants Emlen Tunnell
0%
RB Rams Eric Dickerson
0%
OT Packers Forrest Gregg
0%
RB Bears Gale Sayers
0%
OG Raiders Gene Upshaw
0%
DE Colts Gino Marchetti
0%
S Lions Jack Christiansen
0%
OLB Steelers Jack Ham
0%
ILB Steelers Jack Lambert
0%
K Chiefs Jan Stenerud
0%
C Raiders Jim Otto
0%
OG Colts Jim Parker
0%
DT Steelers Joe Greene
0%
ILB Lions Joe Schmidt
0%
OG Patriots John Hannah
0%
TE Colts John Mackey
0%
DT Vikings John Randle
0%
OT Ravens Jonathan Ogden
0%
ILB Chargers Junior Seau
0%
TE Chargers Kellen Winslow
0%
S Redskins Ken Houston
0%
WR Chargers Lance Alworth
0%
WR Cardinals Larry Fitzgerald
0%
DE Buccaneers Lee Roy Selmon
0%
RB Colts Lenny Moore
0%
RB Browns Marion Motley
0%
WR Colts Marvin Harrison
0%
CB Steelers Mel Blount
0%
C Giants Mel Hein
0%
DT Rams Merlin Olsen
0%
TE Bears Mike Ditka
0%
CB Patriots Mike Haynes
0%
C Steelers Mike Webster
0%
CB Cardinals Night Train Lane
0%
RB Bills O.J. Simpson
0%
QB Browns Otto Graham
0%
WR Dolphins Paul Warfield
0%
OG Vikings Randall McDaniel
0%
DT Cowboys Randy White
0%
P Raiders Ray Guy
0%
WR Colts Raymond Berry
0%
DE Eagles Reggie White
0%
CB Steelers Rod Woodson
0%
QB Cowboys Roger Staubach
0%
S 49ers Ronnie Lott
0%
QB Redskins Sammy Baugh
0%
P Raiders Shane Lechler
0%
WR Seahawks Steve Largent
0%
RB Eagles Steve Van Buren
0%
OLB Raiders Ted Hendricks
0%
RB Bears Walter Payton
0%
ILB Chiefs Willie Lanier
0%
Nie znaleziono quizów pasujących do podanych kryteriów
Rozkład punktacji
Procent ludzi z każdym wynikiem
Percentyl według liczby udzielonych odpowiedzi
Twoja historia wyników
Nie rozwiązałeś tego quizu